| 000 | 02836cam a22005774i 4500 | ||
|---|---|---|---|
| 003 | PE-LiUPU | ||
| 005 | 20250731180102.0 | ||
| 008 | 150617s1981 sp r 001 0 spa d | ||
| 020 | _a842917513X | ||
| 020 | _a9788429175134 | ||
| 035 | _a(Sirsi) i9788429175134 | ||
| 040 |
_aPE-LiUPU _bspa _cPE-LiUPU _dPE-LiUPU _erda |
||
| 049 | _aPRUA | ||
| 082 | 0 | 4 |
_a543 _bS74 _221 |
| 100 | 1 |
_aSkoog, Douglas A., _eautor. |
|
| 245 | 1 | 0 |
_aQuímica Analítica / _cDouglas A. Skoog y Donald N. West. |
| 264 | 1 |
_aBarcelona : _bMcGraw-Hill, _c1981. |
|
| 300 |
_a501 páginas ; _c25 centímetros |
||
| 336 |
_atext _2rdacontent |
||
| 337 |
_aunmediated _2rdamedia |
||
| 338 |
_avolume _2rdacarrier |
||
| 504 | _aÍndice: páginas 705-725. | ||
| 505 | 0 | _aRevisión de algunos conceptos elementales -- Evaluación de datos analíticos -- Métodos gravimétricos de análisis -- Solubilidad de los precipitados -- Introducción a los métodos volumétricos de análisis -- Valoraciones de precipitación -- Teoría de las valoraciones de neutralización -- Aplicaciones de las valoraciones de neutralización -- Valoraciones de formación de complejos -- Teoría de las valoraciones de óxido-reducción -- Métodos potencio métricos -- Otros métodos electro analíticos -- Espectroscopia de absorción -- Espectroscopia atómica -- Separaciones analíticas -- Métodos cromatográficos -- Productos químicos, aparatos y operaciones básicas en química analítica -- Métodos seleccionados de análisis. | |
| 526 | _aSEG44 | ||
| 526 | _aSEG26 | ||
| 526 | _aP159 | ||
| 526 | _aP155 | ||
| 526 | _aP154 | ||
| 526 | _aP153 | ||
| 526 | _aP150 | ||
| 526 | _aP100 | ||
| 526 | _aP31 | ||
| 526 | _aP30 | ||
| 526 | _aP26 | ||
| 526 | _aP25 | ||
| 526 | _aP24 | ||
| 526 | _aP22 | ||
| 526 | _aP15 | ||
| 526 | _aP10 | ||
| 650 | 0 | 4 | _aQuímica Analítica. |
| 700 | 1 |
_aWest, Donald N., _eautor. |
|
| 910 |
_ajck _bjvq _cjck _d20150616 |
||
| 942 |
_2ddc _cBOOK |
||
| 949 |
_a543 S74 _wDEWEY _c1 _i22639 _lCCODEBUL1 _mBUL _r0 _sY _tBOOK _u2015-4-21 _xEDUCACION _zUNKNOWN _0COMPRA _o.STAFF. Colección Ciencias Humanas y Educación |
||
| 949 |
_a543 S74 _wDEWEY _c2 _i32793 _d2015-11-19 _e2015-11-18 _lCCODEBUL1 _mBUL _n4 _r0 _sY _tBOOK _u2015-4-21 _xEDUCACION _zUNKNOWN _0COMPRA _o.STAFF. Colección Ciencias Humanas y Educación |
||
| 994 |
_aC0 _bPEPRU |
||
| 596 | _a1 | ||
| 999 |
_a543 S74 _wDEWEY _c17394 _i22639 _d17394 _e2019-4-12 _f2021-11-5 _g5 _lCCODEBUL1 _mBUL _n3 _p35.00 _r0 _sY _tBOOK _u2015-4-21 _xBIBLIOTECA _zUNKNOWN _0COMPRA _o.STAFF. Colección Ciencias Humanas y Educación |
||
| 999 |
_a543 S74 _wDEWEY _c2 _i32793 _d2019-6-27 _e2019-6-18 _f2019-12-11 _g5 _lDISCARD _mBUL _n5 _p35.00 _q1 _r1 _sY _tBOOK _u2015-4-21 _xEDUCACION _zUNKNOWN _0COMPRA _o.STAFF. Colección General |
||
| 980 |
_81 _gALBERTO SANCHEZ Responsable de Automatización |
||